一般国道の起終点 - Statistics

General Stats
  • This quiz has been taken 859 times
  • The average score is 176 of 447
Answer Stats
% Correct
大阪府 大阪市
94%
東京都 中央区
93%
青森県 青森市
91%
新潟県 新潟市
91%
鹿児島県 鹿児島市
90%
北海道 函館市
89%
北海道 札幌市
89%
鹿児島県 川内市 (薩摩川内市)
89%
福岡県 北九州市
88%
宮城県 仙台市
88%
京都府 京都市
88%
山口県 下関市
86%
愛知県 名古屋市
86%
山口県 豊北町 (下関市)
86%
秋田県 秋田市
85%
長野県 長野市
85%
北海道 旭川市
84%
千葉県 千葉市
84%
神奈川県 横浜市
83%
和歌山県 和歌山市
82%
兵庫県 神戸市
82%
岡山県 岡山市
82%
北海道 稚内市
82%
徳島県 徳島市
81%
愛媛県 松山市
81%
福島県 福島市
81%
群馬県 高崎市
81%
香川県 高松市
81%
高知県 高知市
81%
山形県 山形市
81%
茨城県 水戸市
81%
長崎県 長崎市
80%
沖縄県 那覇市
80%
岐阜県 岐阜市
79%
富山県 富山市
79%
長野県 松本市
79%
鳥取県 鳥取市
78%
北海道 釧路市
78%
静岡県 浜松市
78%
北海道 根室市
78%
岩手県 盛岡市
78%
広島県 広島市
78%
三重県 津市
78%
静岡県 引佐町 (浜松市)
78%
愛知県 豊橋市
77%
静岡県 清水市 (静岡市)
77%
山梨県 甲府市
77%
島根県 松江市
77%
石川県 金沢市
77%
福岡県 福岡市
77%
群馬県 前橋市
76%
大分県 大分市
76%
奈良県 奈良市
76%
静岡県 静岡市
76%
奈良県 都祁村 (奈良市)
76%
福井県 敦賀市
74%
福島県 いわき市
74%
福井県 福井市
74%
新潟県 上越市
73%
栃木県 宇都宮市
73%
三重県 四日市市
72%
宮崎県 宮崎市
71%
宮崎県 高岡町 (宮崎市)
71%
兵庫県 姫路市
70%
長崎県 佐世保市
70%
青森県 八戸市
70%
滋賀県 大津市
70%
北海道 網走市
69%
神奈川県 川崎市
69%
東京都 千代田区
69%
福島県 郡山市
69%
三重県 伊勢市
68%
青森県 弘前市
68%
千葉県 銚子市
68%
佐賀県 佐賀市
68%
熊本県 熊本市
68%
佐賀県 諸富町 (佐賀市)
68%
新潟県 栃尾市 (長岡市)
67%
新潟県 長岡市
67%
北海道 室蘭市
66%
山形県 酒田市
66%
山口県 山口市
66%
北海道 帯広市
66%
北海道 端野町 (北見市)
66%
山口県 阿東町 (山口市)
66%
滋賀県 米原町 (米原市)
65%
京都府 舞鶴市
64%
北海道 苫小牧市
64%
岐阜県 荘川村 (高山市)
64%
岐阜県 高山市
64%
岐阜県 上宝村 (高山市)
64%
北海道 小樽市
62%
東京都 八王子市
62%
大阪府 堺市
61%
神奈川県 横須賀市
60%
神奈川県 小田原市
60%
広島県 福山市
60%
愛知県 豊田市
60%
岩手県 宮古市
59%
千葉県 館山市
59%
鳥取県 米子市
59%
島根県 出雲市
59%
岡山県 倉敷市
59%
神奈川県 相模原市
58%
長野県 飯田市
58%
福岡県 久留米市
58%
長野県 上村 (飯田市)
58%
神奈川県 藤野町 (相模原市)
58%
長野県 南信濃村 (飯田市)
58%
長野県 塩尻市
57%
広島県 呉市
57%
佐賀県 鳥栖市
57%
宮城県 石巻市
57%
福島県 会津若松市
57%
栃木県 日光市
57%
新潟県 糸魚川市
57%
新潟県 村上市
57%
栃木県 今市市 (日光市)
57%
静岡県 沼津市
56%
静岡県 富士市
55%
富山県 高岡市
55%
千葉県 成田市
55%
青森県 むつ市
54%
山形県 米沢市
53%
東京都 港区
53%
長野県 上田市
53%
山口県 岩国市
53%
山口県 周東町 (岩国市)
53%
兵庫県 豊岡市
53%
山口県 玖珂町 (岩国市)
53%
石川県 輪島市
53%
静岡県 下田市
52%
和歌山県 新宮市
52%
兵庫県 明石市
52%
北海道 留萌市
52%
大分県 別府市
51%
岐阜県 大垣市
51%
岩手県 一関市
51%
京都府 福知山市
51%
秋田県 本荘市 (由利本荘市)
50%
佐賀県 唐津市
50%
佐賀県 浜玉町 (唐津市)
50%
愛媛県 吉田町 (宇和島市)
50%
愛媛県 宇和島市
50%
北海道 長万部町
49%
広島県 尾道市
49%
山口県 萩市
49%
岩手県 花巻市
49%
山口県 須佐町 (萩市)
49%
山形県 新庄市
49%
佐賀県 鹿島市
49%
静岡県 三島市
48%
広島県 三次市
48%
千葉県 木更津市
47%
東京都 大田区
47%
茨城県 日立市
47%
秋田県 横手市
47%
秋田県 十文字町 (横手市)
47%
岡山県 津山市
46%
宮崎県 延岡市
46%
宮崎県 都城市
46%
鹿児島県 枕崎市
46%
長崎県 諫早市
46%
北海道 千歳市
46%
宮城県 気仙沼市
46%
宮城県 本吉町 (気仙沼市)
46%
島根県 益田市
45%
徳島県 鳴門市
45%
沖縄県 石垣市
45%
秋田県 大館市
44%
埼玉県 熊谷市
44%
三重県 桑名市
44%
熊本県 牛深市 (天草市)
44%
岩手県 釜石市
44%
石川県 七尾市
43%
三重県 松阪市
43%
三重県 阿児町 (志摩市)
43%
岩手県 久慈市
43%
高知県 中村市 (四万十市)
43%
石川県 小松市
43%
長崎県 上対馬町 (対馬市)
43%
新潟県 柏崎市
42%
広島県 三原市
42%
熊本県 阿蘇町 (阿蘇市)
42%
三重県 鳥羽市
42%
沖縄県 名護市
42%
沖縄県 沖縄市
42%
岐阜県 中津川市
42%
和歌山県 田辺市
42%
千葉県 柏市
41%
山口県 徳山市 (周南市)
41%
愛媛県 伊予三島市 (四国中央市)
41%
岩手県 水沢市 (奥州市)
41%
三重県 上野市 (伊賀市)
41%
神奈川県 藤沢市
41%
山口県 宇部市
41%
福島県 相馬市
40%
千葉県 船橋市
40%
長野県 佐久市
40%
岩手県 大船渡市
39%
福岡県 大牟田市
39%
鹿児島県 国分市 (霧島市)
39%
鹿児島県 指宿市
39%
北海道 紋別市
39%
新潟県 小出町 (魚沼市)
39%
三重県 尾鷲市
39%
静岡県 御殿場市
39%
佐賀県 武雄市
38%
北海道 滝川市
38%
青森県 十和田市
38%
大阪府 高槻市
38%
大分県 日田市
38%
鹿児島県 隼人町 (霧島市)
38%
山口県 長門市
38%
山口県 油谷町 (長門市)
38%
神奈川県 平塚市
37%
山梨県 富士吉田市
37%
岡山県 新見市
37%
大分県 中津市
37%
北海道 岩見沢市
37%
滋賀県 彦根市
37%
三重県 熊野市
37%
東京都 世田谷区
37%
山口県 新南陽市 (周南市)
37%
鹿児島県 鹿屋市
37%
千葉県 市川市
36%
宮城県 古川市 (大崎市)
36%
長野県 高遠町 (伊那市)
36%
福井県 大野市
36%
熊本県 人吉市
35%
宮崎県 日南市
35%
秋田県 湯沢市
35%
北海道 夕張市
35%
広島県 東広島市
35%
長野県 軽井沢町
34%
大分県 弥生町 (佐伯市)
34%
新潟県 六日町 (南魚沼市)
34%
香川県 坂出市
34%
群馬県 桐生市
34%
島根県 大田市
34%
佐賀県 伊万里市
34%
大分県 佐伯市
34%
新潟県 新発田市
34%
千葉県 松戸市
34%
岐阜県 瑞浪市
33%
島根県 江津市
33%
熊本県 水俣市
33%
神奈川県 厚木市
33%
千葉県 市原市
33%
鹿児島県 出水市
33%
長崎県 富江町 (五島市)
33%
長崎県 大村市
33%
大阪府 和泉市
33%
鹿児島県 野田町 (出水市)
33%
京都府 宮津市
32%
高知県 宿毛市
32%
愛知県 豊川市
32%
京都府 亀岡市
32%
群馬県 沼田市
31%
東京都 豊島区
31%
長野県 大町市
31%
愛媛県 西条市
31%
愛媛県 小松町 (西条市)
31%
栃木県 足利市
31%
北海道 伊達市
31%
広島県 廿日市市
31%
秋田県 鷹巣町 (北秋田市)
30%
岩手県 陸前高田市
30%
新潟県 新井市 (妙高市)
30%
長野県 茅野市
30%
宮崎県 日向市
30%
石川県 加賀市
30%
岩手県 二戸市
30%
群馬県 伊勢崎市
30%
大阪府 豊中市
30%
愛知県 常滑市
29%
山口県 山陽町 (山陽小野田市)
29%
東京都 文京区
29%
愛媛県 八幡浜市
29%
沖縄県 糸満市
29%
大阪府 泉佐野市
28%
北海道 江差町
28%
奈良県 五條市
28%
京都府 丹波町 (京丹波町)
27%
大阪府 枚方市
27%
富山県 平村 (南砺市)
27%
兵庫県 赤穂市
27%
長崎県 平戸市
27%
宮城県 白石市
27%
富山県 砺波市
27%
岐阜県 八幡町 (郡上市)
27%
京都府 綾部市
26%
和歌山県 御坊市
26%
東京都 羽田空港
25%
山口県 防府市
24%
広島県 海田町
23%
千葉県 佐原市 (香取市)
23%
大阪府 池田市
23%
秋田県 鹿角市
23%
愛媛県 伊予市
23%
大分県 宇佐市
23%
岡山県 玉野市
23%
東京都 奥多摩町
22%
兵庫県 神戸港
22%
北海道 森町
22%
千葉県 成田国際空港
22%
北海道 羅臼町
22%
滋賀県 近江八幡市
22%
宮崎県 えびの市
22%
千葉県 富津市
22%
岡山県 高梁市
22%
北海道 北檜山町 (せたな町)
21%
和歌山県 串本町
21%
北海道 倶知安町
21%
岩手県 遠野市
21%
愛媛県 大洲市
21%
神奈川県 大和市
21%
兵庫県 春日町 (丹波市)
21%
福岡県 行橋市
21%
神奈川県 横浜港
20%
山梨県 韮崎市
20%
愛知県 弥富町 (弥富市)
20%
宮崎県 小林市
20%
宮城県 津山町 (登米市)
20%
茨城県 大洋村 (鉾田市)
20%
愛知県 新城市
20%
広島県 竹原市
20%
鹿児島県 加世田市 (南さつま市)
19%
愛知県 蒲郡市
19%
山形県 東根市
19%
熊本県 三角町 (宇城市)
19%
大分県 犬飼町 (豊後大野市)
19%
千葉県 我孫子市
19%
岡山県 備前市
19%
香川県 豊浜町 (観音寺市)
19%
茨城県 高萩市
19%
埼玉県 越谷市
19%
富山県 新湊市 (射水市)
19%
熊本県 宇土市
19%
大分県 臼杵市
19%
新潟県 小千谷市
18%
山梨県 石和町 (笛吹市)
18%
大阪府 大阪港
18%
神奈川県 秦野市
18%
鹿児島県 市来町 (いちき串木野市)
18%
和歌山県 海南市
18%
高知県 須崎市
18%
大阪府 関西国際空港
18%
岡山県 総社市
18%
東京都 東京港
17%
広島県 大竹市
17%
山口県 下松市
17%
北海道 浦河町
17%
北海道 八雲町
17%
大阪府 河内長野市
17%
愛知県 名古屋港
16%
北海道 標津町
16%
宮崎県 高千穂町
16%
鹿児島県 阿久根市
16%
千葉県 茂原市
16%
大分県 竹田市
16%
鹿児島県 垂水市
15%
香川県 白鳥町 (東かがわ市)
15%
青森県 三厩村 (外ヶ浜町)
15%
山形県 寒河江市
15%
山梨県 上九一色村 (富士河口湖町)
15%
愛知県 半田市
15%
福岡県 柳川市
15%
石川県 羽咋市
15%
兵庫県 山東町 (朝来市)
15%
神奈川県 川崎港
14%
千葉県 八日市場市 (匝瑳市)
14%
山梨県 身延町
14%
福井県 上中町 (若狭町)
14%
島根県 三刀屋町 (雲南市)
14%
茨城県 笠間市
14%
和歌山県 打田町 (紀の川市)
14%
兵庫県 吉川町 (三木市)
14%
山形県 上山市
14%
島根県 布施村 (隠岐の島町)
14%
福島県 浪江町
13%
群馬県 長野原町
13%
大阪府 羽曳野市
13%
京都府 舞鶴港
13%
青森県 碇ケ関村 (平川市)
13%
埼玉県 入間市
13%
山形県 長井市
13%
山形県 南陽市
13%
和歌山県 有田市
13%
福島県 猪苗代町
12%
静岡県 相良町 (牧之原市)
12%
神奈川県 大磯町
11%
静岡県 清水港
11%
長野県 下諏訪町
10%
鳥取県 羽合町 (湯梨浜町)
10%
福岡県 門司港
10%
福岡県 筑紫野市
10%
北海道 浜頓別町
10%
青森県 野辺地町
10%
沖縄県 那覇空港
10%
福岡県 大川市
10%
三重県 四日市港
9%
山口県 岩国空港
9%
北海道 弟子屈町
9%
北海道 標茶町
9%
埼玉県 和光市
9%
徳島県 海南町 (海陽町)
8%
三重県 紀伊長島町 (紀北町)
8%
福島県 双葉町
8%
福井県 今庄町 (南越前町)
8%
愛媛県 日吉村 (鬼北町)
8%
福井県 河野村 (南越前町)
8%
岩手県 岩泉町
8%
山梨県 富沢町 (南部町)
8%
栃木県 益子町
7%
鳥取県 岩美町
7%
長崎県 東彼杵町
7%
山形県 遊佐町
7%
愛媛県 久万町 (久万高原町)
7%
愛知県 高浜市
7%
山梨県 増穂町 (富士川町)
6%
北海道 美幌町
6%
三重県 勢和村 (多気町)
6%
福島県 西会津町
6%
沖縄県 本部町
6%
福岡県 苅田町
5%
長崎県 時津町
5%
熊本県 蘇陽町 (山都町)
5%
沖縄県 大宜味村
5%
青森県 下田町 (おいらせ町)
5%
栃木県 上三川町
5%
愛媛県 内子町
5%
群馬県 六合村 (中之条町)
5%
熊本県 高森町
5%
鳥取県 北条町 (北栄町)
4%
宮城県 柴田町
4%
熊本県 湯前町
4%
栃木県 高根沢町
4%
青森県 大鰐町
4%
高知県 大豊町
4%
和歌山県 上富田町
3%
北海道 本別町
3%
高知県 檮原町
3%
京都府 久御山町
3%
高知県 東洋町
3%
沖縄県 西原町
3%
熊本県 宮原町 (氷川町)
2%
No matching quizzes found
Score Distribution
Percent of People with Each Score
Percentile by Number Answered
Your Score History
You have not taken this quiz